00742 2200277 4500001002100000005001700021008004100038020001800079035002400097082001100121090001800132100002800150245006800178250001100246260003300257300002900290500003100319650001700350700001900367850001500386980001500401985000600416986001200422999001500434999001500449YOGYA-0209000000395120090227020653.0 ind  a979-421-260-1 0010-020900000003951 a631.52 a631.52bMug P aMUGNISYAH, Wahyu Qamara aPengantar produksi benihcWahyu Qamara Mugnisyah, Asep Setiawan aCet. 1 aJakartabRajawali Persc1990 axv, 610 hlmbilusc20 cm aBibliografi : hlm. 593-603 aBibit unggul aSetiawan, Asep aYOPDYOG(B) a03-28-2006 a1 aMrrtrev a95P0073387 a95P0073386